Biblioteka Instytutu Północnego w Olsztynie

Widok standardowy Widok MARC

Pozycja Corporate Name

Liczba rekordów, w których użyto hasła: 1

001 - Numer kontrolny

  • control field: 40682

003 - Identyfikator numeru kontrolnego

  • control field: NUKAT

005 - Data i czas ostatniej modyfikacji

  • control field: 20260427141710.0

008 - Dane kontrolne kodowane (40 znaków)

  • fixed length control field: 050119 n asznnbabn a aaa

010 ## - Numer kontrolny Biblioteki Kongresu

  • numer kontrolny LC: p 2004325898

035 ## - Numer systemowy

  • numer systemowy: a16424347

040 ## - Instytucja sporządzająca rekord

  • inst. przygot. dane do rek. khw: WA N
  • język haseł przedmiotowych/tezaurus: DBN
  • inst. wprow. rek. khw: WA N

110 2# - Hasło - nazwa ciała zbiorowego

  • nazwa ciała zbior. lub geogr. na pocz.: Obóz odosobnienia Rothesay

410 2# - Trop zob. - nazwa ciała zbiorowego

  • nazwa ciała zbior. lub geogr. na pocz.: Samodzielny Obóz Oficerski Rothesay

410 2# - Trop zob. - nazwa ciała zbiorowego

  • nazwa ciała zbior. lub geogr. na pocz.: Stacja Zborna Rothesay

510 2# - Trop zob. też - nazwa ciała zbiorowego

  • nazwa ciała zbior. lub geogr. na pocz.: Polskie Siły Zbrojne na Zachodzie

550 ## - Trop zob. też - nazwa pospolita

  • nazwa posp. lub nazwa geogr. na pocz.: Oficerowie
  • określnik geograficzny: Polska
  • określnik chronologiczny: 1939-1945 r.

550 ## - Trop zob. też - nazwa pospolita

  • nazwa posp. lub nazwa geogr. na pocz.: Więźniowie polityczni
  • określnik geograficzny: Polska
  • określnik chronologiczny: 1939-1945 r.

551 ## - Trop zob. też - nazwa geograficzna

  • nazwa geograficzna: Rothesay (Wielka Brytania)
Biblioteka Instytutu Północnego, ul. Partyzantów 87, 10-402 Olsztyn, email: biblioteka(at)ip.olsztyn.pl